Culture générale - les poissons. - Statistiques

Statistiques générales
  • Ce quiz a été pris 725 fois
  • Le résultat moyen est 10 sur 15
Statistiques - réponses
Questions Réponses % Correct
Petit poisson clown de dessin animé Disney, fils de marin. Némo
97%
Organes respiratoires internes ou externes permettant à de nombreux animaux aquatiques, notamment les poissons, de respirer en extrayant l'oxygène de l'eau. Branchies
92%
Plat traditionnel japonais, composé d'un riz vinaigré avec un autre ingrédient appelé neta qui est habituellement du poisson cru. Sushi
91%
Famille de poisson qui peut être marteau, baleine ou blanc. Requin
90%
Selon l'expression, on peut être "frais comme un ..." Gardon
81%
Nom donné à la créature marine aussi appelée "cheval de mer". Hippocampe.
76%
Film Américain de Steven Spielberg sortie en 1975 racontant l'histoire d'un requin blanc mangeur d'hommes. Les dents de la mer
76%
Comme quoi peut-on être muet selon l'expression ? Comme une carpe
71%
Partie de ligne de pêche qui empêche l'hameçon de s'enfoncer dans l'eau. Le flotteur
67%
Le caviar est élaboré à partir d'œufs de ce poisson. Esturgeon
63%
Nom donné à l'élevage de poisson. Pisciculture
60%
Pays devenu en 2012 le premier exportateur de produits de la mer. La Chine
57%
Nom de poisson donné aussi à une personne qui tire de l'argent de la prostitution. Un maquereau
46%
Le Capitaine Némo est le principal commandant du sous-marin Nautilus, dans ce roman de Jules Verne. Vingt Mille Lieues sous les mers
40%
Pokémon poisson, évolution de Poissirène. Poissoroy
22%
Aucun quiz correspondant
Distribution des résultats
% des personnes avec chaque résultat
Percentile par nombre de réponses
Votre historique - résultats
Vous n’avez pas pris ce quiz